000 01088nam a2200301 i 4500
003 EG-GICUC
005 20260121101429.0
008 251204s1964 ua ||||fr|||| 000 0 ara d
040 _a EG-GICUC
_bara
_c EG-GICUC
_d EG-GICUC
_erda
041 _aara
082 0 4 _221
_a343.662
_bم ح . م
092 0 4 _221
099 _aLaw1 10 343.662 م ح . م 1964
100 0 _aمحمود نجيب حسني
_eمؤلف.
245 1 2 _aالمجرمون الشواذ /
_cمحمود نجيب حسني.
264 1 _aالقاهرة:
_bدار النهضة العربية,
_c1992.
300 _a205 صفحة ؛
_c24 سم
336 _2rda content
_atext
337 _2rda media
_aComputer
338 _2rda carrier
_aOnline Resource
546 _aالنص أغلبه باللغة العربية مع بعض النصوص الفرنسية
650 1 4 _aالمجرمون الشواذ
_2qrmak
650 1 4 _aالقانون الجنائي الدولي
_2qrmak
651 1 _2qrmak
856 4 0 _uhttps://fll.law.cu.edu.eg/fulltext/bks/B10-06971.pdf
905 _a79
_eHassnaa
942 _2ddc
_cBK
_e21
_n0
999 _c48352
_d48352